Paroles - The First Time, Damiano David - Statistiques

Statistiques générales
  • Ce quiz a été pris 50 fois
  • Le résultat moyen est 279 sur 366
Statistiques - réponses
Paroles % Correct
A
97%
a
97%
I
97%
oh,
97%
Oh,
97%
kiss,
94%
me
94%
the
94%
The
94%
to
94%
first
91%
my
91%
My
91%
no
91%
time
91%
time,
91%
cry
88%
nothin',
88%
nothin'
88%
touch,
88%
was
88%
we
88%
He
85%
met
85%
song
85%
all
82%
and
82%
And
82%
go
82%
had
82%
Had
82%
heart
82%
Never
82%
never
82%
on
82%
drugs
79%
it
79%
like
79%
they
79%
done,
76%
Nothing
76%
nothing
76%
that
76%
That
76%
higher
73%
made
73%
only
73%
Than
73%
you,
73%
You
73%
you
73%
Before
70%
There's
67%
thought
67%
world
67%
world,
67%
but
64%
compare
64%
ever
64%
got
64%
I've
64%
were
64%
car,
61%
could
61%
get
61%
in
61%
baby,
58%
crashed
58%
Just
58%
just
58%
nowhere
58%
ocean
58%
oh,
58%
Traveled
58%
across
55%
eyes
55%
flyin'
55%
for
55%
God,
55%
God
55%
man
55%
couldn't
52%
light
52%
talked
52%
with
52%
felt
48%
play
48%
sky
48%
when
48%
closed,
45%
kid
45%
night,
45%
painter,
45%
too
45%
afraid
42%
gettin'
42%
shore
42%
heard
39%
miles
39%
something
39%
potions
36%
stars
36%
swam
36%
angels
33%
colorless
33%
dropped
33%
fire
33%
pills
33%
see
33%
sight
33%
drunk
30%
highs
30%
line
30%
lows
30%
more
30%
take
30%
set
27%
thousand
27%
aligned,
24%
flare
24%
yet
24%
choirs
21%
Cravin'
21%
Heaven
21%
room
21%
ain't
18%
Aucun quiz correspondant
Distribution des résultats
% des personnes avec chaque résultat
Percentile par nombre de réponses
Votre historique - résultats
Vous n’avez pas pris ce quiz